Search the Library Catalogue
| 000 -LEADER | |
|---|---|
| fixed length control field | 00719nam a2200217Ia 4500 |
| 008 - FIXED-LENGTH DATA ELEMENTS--GENERAL INFORMATION | |
| fixed length control field | 191130s2001##################000#0#eng## |
| 020 ## - INTERNATIONAL STANDARD BOOK NUMBER | |
| International Standard Book Number | 9780117027299 |
| 022 ## - INTERNATIONAL STANDARD SERIAL NUMBER | |
| International Standard Serial Number | 98053879 |
| 040 ## - CATALOGING SOURCE | |
| Original cataloging agency | ACL |
| Transcribing agency | ACL |
| 082 ## - DEWEY DECIMAL CLASSIFICATION NUMBER | |
| Classification number | 301 WAD |
| 100 ## - MAIN ENTRY--PERSONAL NAME | |
| Personal name | Waddington, David |
| 245 ## - TITLE STATEMENT | |
| Title | Out of the ashes : the social impact of industrial contraction and regeneration on Britain's mining communities |
| Statement of responsibility, etc. | David Waddington and Chas Critcher |
| 250 ## - EDITION STATEMENT | |
| Edition statement | 1st ed |
| 260 ## - PUBLICATION, DISTRIBUTION, ETC. | |
| Place of publication, distribution, etc. | New York |
| Name of publisher, distributor, etc. | HarperCollins |
| Date of publication, distribution, etc. | c2001 |
| 300 ## - PHYSICAL DESCRIPTION | |
| Extent | xiii, 259p. ; 24cm. |
| 500 ## - GENERAL NOTE | |
| General note | Includes bibliographical references (p. [291]-309) and index |
| 700 ## - ADDED ENTRY--PERSONAL NAME | |
| Personal name | Critcher, chas |
| 990 ## - EQUIVALENCES OR CROSS-REFERENCES [LOCAL, CANADA] | |
| Link information for 9XX fields | bdd0754cac10000c1142acec51726c9c |
| 991 ## - | |
| -- | 229819 |
| Withdrawn status | Lost status | Materials specified (bound volume or other part) | Damaged status | Not for loan | Home library | Current library | Shelving location | Date acquired | Total Checkouts | Full call number | Barcode | Date last seen | Price effective from | Koha item type |
|---|---|---|---|---|---|---|---|---|---|---|---|---|---|---|
| pbk | Anna Centenary Library | Anna Centenary Library | 3RD FLOOR, B WING | 09.10.2020 | 301 WAD | 180990 | 09.10.2020 | 09.10.2020 | English Books |